[Event "FRA-ch U26"]
[Site "Bastia"]
[Date "2024.04.06"]
[Round "1"]
[White "Bruguier, Florian"]
[Black "Gatineau, Yovann"]
[Result "0-1"]
[WhiteElo "1739"]
[BlackElo "2408"]
[PlyCount "98"]
[EventDate "2024.04.06"]
[EventType "swiss"]
[EventRounds "9"]
[EventCountry "FRA"]
[SourceTitle "CB16_2024"]
[SourceDate "2024.04.17"]
[SourceVersion "1"]
[SourceVersionDate "2024.04.17"]
[SourceQuality "1"]

1. f4 d5 2. Nf3 g6 3. e3 Bg7 4. d4 Nf6 5. Bd3 0-0 6. Nc3 c5 7. dxc5 Nc6 8. 0-0 Qa5 9. Qe1 Qxc5 10. Kh1 Nb4 11. a3 Nxd3 12. cxd3 b6 13. Bd2 Ba6 14. b4 Qd6 15. b5 Bb7 16. Ne2 a5 17. a4 Rac8 18. Rc1 Nd7 19. d4 Rc4 20. Rxc4 dxc4 21. Bc3 Nf6 22. Nd2 Qd5 23. Rg1 Ne4 24. Nxe4 Qxe4 25. Ng3 Qc2 26. Qa1 h5 27. Nf1 Qf5 28. Qe1 Qc2 29. Qa1 Rc8 30. Nd2 Qf5 31. Qb1 Qg4 32. Qd1 Qe6 33. Re1 Rd8 34. Qe2 h4 35. Kg1 h3 36. gxh3 Qd5 37. e4 Bxd4+ 38. Kf1 Qd7 39. Bxd4 Qxh3+ 40. Kg1 Rxd4 41. Nxc4 Rxe4 42. Qxe4 Bxe4 43. Rxe4 Qd3 44. Nxb6 Qxe4 45. Nd7 Qe1+ 46. Kg2 Qd2+ 47. Kf3 Qxd7 48. Ke4 Qd1 49. Ke3 Qxa4 0-1